Quizzes
Events
Quiz Creation
Community
Videos
Private Events
Remove Ads
Sign In
Join for FREE
Feedback
Dark Mode
Quiz Categories
Sports
Geography
Music
Movies
Television
Just For Fun
Miscellaneous
History
Literature
Language
Science
Gaming
Entertainment
Religion
Holiday
For Kids
Quiz Lab
Recent
Popular Today
Quiz Kudos Today
Editor Picks
Curator Picks
Quizzes by...
Day
Popularity
Type
Ratings
Length
Year
Community
Subscriptions
Recent Discussions
Orange Saloon
Badges
Playlists
Quests
Create
Leaderboards
Showdown
Live 5
Trivia Bingo
Activity
Puzzle Library
Sporcle Events
Private Events
Virtual Trivia
Globe League
Become a Host
Pub Owners
SporcleCon
Opinionation
Our Games
Videos
Blog
Mobile Apps
Partnerships
Remove Ads and Go Orange
Feedback
Sports
Athletes
MLB
NBA
NHL
NFL
Soccer
Sports Teams
WWE
NCAA
Football
Premier League
Basketball
Baseball
Hockey
Golf
Tennis
Cricket
Rugby
Auto Racing
Olympics
World Cup
Sports
Athletes
MLB
NBA
NHL
NFL
Soccer
Sports Teams
WWE
NCAA
Football
Premier League
Basketball
Baseball
Hockey
Golf
Tennis
Cricket
Rugby
Auto Racing
Olympics
World Cup
Random Quiz
Search Sporcle
×
Quiz Lab
Quiz Lab
Sports
Loser
Type in answers that appear in a list
Type in answers that appear in a list
Classic
Best Score? Go Orange.
Loser Superbowl Quarterbacks Stats
Can you name the Starting Quarterbacks on every superbowl losing team?
By
bubbalmt
5m
31 Questions
282 Plays
282 Plays
282 Plays
Comments
Comments
Give Quiz Kudos
Give Quiz Kudos
-
- Ratings
hide this ad
Replay
Link that replays current quiz
Next Quiz
Link to next quiz in quiz playlist
You Got
0%
They Got
Avg Score
75%
Avg Friend Score
Upgrade to see
Score Distribution
Jump to the score distribution portion of the page
Score
0/31
Timer
05:00
0
Plays Today
Superbowl
Quarterback
% Correct
SB 46 -
Giants vs. Patriots
Tom Brady
97.9%
SB 42 -
Giants vs Patriots
Tom Brady
97.9%
SB 44 -
Saints vs Colts
Peyton Manning
92.9%
SB 43 -
Cardinals vs Steelers
Kurt Warner
90.4%
SB 36 -
Rams vs Patriots
Kurt Warner
90.4%
SB 45 -
Packers vs Steelers
Ben Roethlisberger
88.3%
SB 24 -
49ers vs Broncos
John Elway
86.2%
SB 22 -
Redskins vs Broncos
John Elway
86.2%
SB 21 -
Giants vs Broncos
John Elway
86.2%
SB 32 -
Packers vs Broncos
Brett Favre
85.8%
SB 28 -
Cowboys vs Bills
Jim Kelly
84.8%
SB 27 -
Cowboys vs Bills
Jim Kelly
84.8%
SB 26 -
Redskins vs Bills
Jim Kelly
84.8%
SB 25 -
Giants vs Bills
Jim Kelly
84.8%
SB 39 -
Eagles vs Patriots
Donovan McNabb
82.6%
SB 19 -
49ers vs Dolphins
Dan Marino
80.9%
Superbowl
Quarterback
% Correct
SB 40 -
Seahawks vs Steelers
Matt Hasselbeck
80.5%
SB 34 -
Rams vs Titans
Steve McNair
79.8%
SB 37 -
Buccaneers vs Raiders
Rich Gannon
78.4%
SB 41 -
Bears vs Colts
Rex Grossman
77%
SB 38 -
Panthers vs Patriots
Jake Delhomme
77%
SB 31 -
Packers vs Patriots
Drew Bledsoe
75.5%
SB 23 -
49ers vs Bengals
Boomer Esiason
72.3%
SB 35 -
Giants vs Ravens
Kerry Collins
67.4%
SB 33 -
Falcons vs Broncos
Chris Chandler
56%
SB 16 -
49ers vs Bengals
Ken Anderson
53.2%
SB 30 -
Cowboys vs Steelers
Neil O'Donnell
52.5%
SB 18 -
Redskins vs Raiders
Joe Theisman
52.5%
SB 29 -
49ers vs Chargers
Stan Humphries
50%
SB 20 -
Bears vs Patriots
Steve Grogan
37.2%
SB 17 -
Redskins vs Dolphins
David Woodley
24.8%
Quiz Playlist
Details
Report
Send in Message
Add To Playlist
Classic:
Type in answers that appear in a list
Last Updated: Feb 16, 2017
Quiz Scoreboard
CHALLENGE
Sign Up to Join the Scoreboard
Show All
Scores
Hide
Comments
May contain spoilers
Recently Published
Presidents Visiting Landmarks
by Hejman
History
7m
An Introduction to Baseball
by treessimontrees
Sports
5m
Movies - When Are They Set?
by FPL_Elf
Movies
5m
More to Explore
Quiz From the Vault
Featured Blog Post
Where Did the Easter Bunny Come From?
hide this ad
You Might Also Like...
Tags
Loser
Losing
Starting
Super Bowl
team
Today's Top Quizzes in Sports
Browse Sports
hide this ad
Today's Top Quizzes in Loser
Browse Loser
Top Contributed Quizzes in Sports
1
Les meilleurs buteurs des matchs entre le PSG et l’OM
2
2022 World Cup Stars
3
FIFA Club World Cup Champions
4
Les entraîneurs de l'OM et du PSG au 21e siècle
5
Name the Premier League winners with different clubs
6
La finale Lions - Afrique du Sud 2021
7
England Test cricketers to play under Nasser Hussain
8
5-to-1: UK Sports Teams
9
Les joueurs passés par le LOSC et le RC Lens
10
Criteria MLB: Left Handed Sluggers
Explore More
Trending Topics
Kpop
Marvel
Harry Potter
NBA
Anime
Crossword
Disney
Song
WWE
The Office
NFL
Pokémon
Puzzle
Country
Soccer
hide this ad
More By:
bubbalmt
Quiz
Plays
Rating
Category
Featured
Created
Loser Superbowl Quarterbacks
282
1.57
Sports
Jul 4, 2012
Go to Creator's Profile
Score Distribution
Quiz Creator Spotlight
bubbalmt
Follow
Send a Message
Quizzes Created
-
Created Quiz Play Count
-
More By This Creator
Popular Quizzes Today
1
Find the US States - No Outlines Minefield
2
Find the Countries of Europe - No Outlines Minefield
3
The Countries of the World
4
Find the US States
5
Popular People in 1961
6
US States
7
Risky Map Clicking: Biggest States A-Z
8
1-10 Letter E Words III
More Sports Quizzes
Athletes by Bobblehead
Published
Trending Quizzes
Risky Map Clicking: Least Populous States A-Z
1-10 Letter G Words
1-10 Letter F Words
One Thing in Common: United Kingdom
Risky Map Clicking: Next State Alphabetically
Recently Updated
Leaping Animals
pecheneg
Reality TV Shows (A-Z)
bhenderson79
Rickey Henderson's Hall of Fame Teammates
pecheneg
Champions League XIs: Arsenal
pecheneg
Quick Pick: Celebrities in WWE's Hall of Fame
aduchscher
A-Z Keypad Blitz II
pecheneg
Multiple Oscar Actors
pecheneg
Mystery Phrase Blitz: Oscar 'Best Actors'
pecheneg
F. Scott Fitzgerald Novels
LTH
Pick 3 Villains
ddd62291
Trending Topics
NBA
Harry Potter
Anime
Crossword
Kpop
Marvel
Disney
Country
NFL
Song
Pokémon
Soccer
WWE
The Office
Puzzle
Your Account Isn't Verified!
In order to create a playlist on Sporcle, you need to verify the email address you used during registration. Go to your
Sporcle Settings
to finish the process.
Report this User
Report this user for behavior that violates our
Community Guidelines
.
Details:
Send Report
Go to the Sporcle.com Mobile Site →
Comments